000 00588nam a2200229Ia 4500
003 OSt
005 20220918175030.0
006 a|||||r|||| 00| 0
007 ta
008 220917b |||||||| |||| 00| 0 eng d
024 _a15,277
037 _cTextual
040 _aARTS
_cARTS
_beng
041 _2eng
_aeng
082 _aO:g, J92 (EO)
100 _aHeather C. R.
_952589
245 0 _aCritical exercises
260 _aLondon
_bLongmans
_c1959
650 _aENGLISH LITERATURE
942 _hO:g, J92 (EO)
_cTEXL
_2CC
999 _c155700
_d155700